Michel Foucault / (Record no. 82072)

MARC details
000 -LEADER
campo de control de longitud fija 00871nam a2200277 i 4500
001 - NÚMERO DE CONTROL
campo de control 82072
003 - IDENTIFICADOR DE NÚMERO DE CONTROL
campo de control ES-MaACL
005 - FECHA Y HORA DE LA ÚLTIMA TRANSACCIÓN
campo de control 20250731202222.0
007 - CAMPO FIJO DE DESCRIPCIÓN FÍSICA--INFORMACIÓN GENERAL
campo de control de longitud fija t|
008 - DATOS DE LONGITUD FIJA--INFORMACIÓN GENERAL
campo de control de longitud fija 041122s2004 sp ||||1| spa d
020 ## - NÚMERO INTERNACIONAL ESTÁNDAR DEL LIBRO
Número Internacional Estándar del Libro 84-339-6761-4
080 ## - NÚMERO DE LA CLASIFICACIÓN DECIMAL UNIVERSAL
Número de la Clasificación Decimal Universal 929 Foucault, Michel
080 ## - NÚMERO DE LA CLASIFICACIÓN DECIMAL UNIVERSAL
Número de la Clasificación Decimal Universal 1 Foucault, Michel
100 1# - ENTRADA PRINCIPAL--NOMBRE DE PERSONA
Nombre de persona Eribon, Didier,
Fechas asociadas al nombre 1953-
9 (RLIN) 47385
245 10 - MENCIÓN DEL TÍTULO
Título Michel Foucault /
Mención de responsabilidad, etc. Didier Eribon ; traducción de Thomas Kauf.
250 ## - MENCION DE EDICION
Mención de edición 1ª ed. en Compactos.
260 ## - PUBLICACIÓN, DISTRIBUCIÓN, ETC.
Lugar de publicación, distribución, etc. Barcelona :
Nombre del editor, distribuidor, etc. Anagrama,
Fecha de publicación, distribución, etc. 2004.
300 ## - DESCRIPCIÓN FÍSICA
Extensión 499 p., [16] p. de lám. ;
Dimensiones 21 cm.
490 1# - MENCIÓN DE SERIE
Mención de serie Compactos Anagrama ;
Designación de volumen o secuencia 330
504 ## - NOTA DE BIBLIOGRAFÍA, ETC.
Nota de bibliografía, etc. Bibliografía: p. 475-483.
600 14 - PUNTO DE ACCESO ADICIONAL DE MATERIA--NOMBRE DE PERSONA
Nombre de persona Foucault, Michel,
Fechas asociadas al nombre 1926-1984
9 (RLIN) 241486
700 1# - ENTRADA AGREGADA--NOMBRE PERSONAL
Nombre de persona Kauf, Thomas.
9 (RLIN) 67639
830 0# - PUNTO DE ACCESO ADICIONAL DE SERIE-TÍTULO UNIFORME
Título uniforme Compactos Anagrama ;
Designación de volumen o secuencia 330
9 (RLIN) 180205
852 ## - LOCALIZACIÓN
Ubicación ES-MaACL
Número de control de estantería L-28504
Sublocalización o colección R.134221
Holdings
Estatus retirado Estado de pérdida Estado de daño No para préstamo Biblioteca de origen Biblioteca actual Ubicación en estantería Fecha de adquisición Fuente de adquisición Total de préstamos Signatura topográfica completa Código de barras Visto por última vez Precio de reemplazo Tipo de ítem Koha
        Biblioteca del Ateneo de Madrid Biblioteca del Ateneo de Madrid Depósito 2 17/01/2008     L-28504 1085780 23/02/2023 23/02/2023 Libro impreso